Mechanizácia živočíšnej výroby [teória strojov] : ... [pre] posl. Mechanizač. fak. VŠP v Nitre ...

Bibliographic Details
Main Author: Lobotka, Jozef, 1939- (Author)
Format: Book
Language:Slovak
PhysicalDescription:225, [1] s. 4°
Published: Bratislava Nitra Príroda Vysoká škola poľnohospodárska 1972
Edition:2. nepreprac. vyd.
Subjects:

MARC

LEADER 00000cam a2200000 a 4500
001 vtls008348787
003 SK-MaSNL
005 20260301180722.0
008 240509s1972 xo da e n 000 0 slo
015 |a SNBA1972/09-02288 
035 |a SK01SNK19720041004 
035 |a SKM000043467 
040 |a SNK  |b slo  |c SNK  |e AACR2 
041 0 |a slo 
044 |a xo  |c SK 
080 |a 631.3:636(075.8)  |2 1981 
080 |a 636:631.3(075.8)  |2 1981 
100 1 |a Lobotka, Jozef,  |d 1939-  |4 aut  |9 38939 
245 1 0 |a Mechanizácia živočíšnej výroby  |b [teória strojov] : ... [pre] posl. Mechanizač. fak. VŠP v Nitre ...  |c Jozef Lobotka 
250 |a 2. nepreprac. vyd. 
260 |a Bratislava  |b Príroda  |a Nitra  |b Vysoká škola poľnohospodárska  |c 1972  |e Nitra  |f Nitrianske tlačiarne 
300 |a 225, [1] s.  |c 4° 
366 |e 200 výt. 
500 |a Ilustr. Použ. lit. Tb. Grafy. Schémy 
500 |a V tiráži nesprávne 1. vyd. 
500 |a Vyd. Príroda pre Vysokú školu poľnohospodársku, Nitra 
650 0 7 |a výroba živočíšna  |x stroje  |x teória  |2 SNK  |9 552329 
650 0 7 |a stroje poľnohospodárske  |x výroba živočíšna  |2 SNK  |9 552330 
655 7 |a Textbooks (higher)  |2 SNKPHeng  |9 276436 
655 7 |a učebnice vysokých škôl  |2 SNKPH  |9 70191 
958 |a OND 
958 |a RM 
958 |a RK 
958 |a UV 
958 |a NB 
999 |c 847349  |d 849279 
952 |t P60, <04>, [BOOK], {604}  |a SNK  |b SNK  |y VYP  |7 0  |p 17A0388082  |o snkSB 18601 D1  |i snkKSP 6626/72  |0 0  |1 0  |4 0  |d 2003-07-01  |l 0  |r 2005-01-02 00:00:00  |w 2026-02-24 
952 |a SNK  |b SNK  |y PREZ  |7 0  |p 17A0889673  |o snkSB 18601  |i snkKSP 6625/72  |0 0  |1 0  |4 0  |d 2012-07-24  |l 0  |r 2025-03-21 00:00:00  |w 2026-02-24